रूप नगर : (Record no. 114200)
[ view plain ]
| 000 -LEADER | |
|---|---|
| fixed length control field | 01167nam a22002657a 4500 |
| 005 - DATE AND TIME OF LATEST TRANSACTION | |
| control field | 20170124103004.0 |
| 010 ## - LIBRARY OF CONGRESS CONTROL NUMBER | |
| LC control number | B-151318 |
| 020 ## - INTERNATIONAL STANDARD BOOK NUMBER | |
| Terms of availability | 200.00 |
| International Standard Book Number | 8180420698 |
| 035 ## - SYSTEM CONTROL NUMBER | |
| System control number | B-151318 |
| 037 ## - SOURCE OF ACQUISITION | |
| Source of stock number/acquisition | Cen Lib/Ret |
| 040 ## - CATALOGING SOURCE | |
| Original cataloging agency | DPL |
| Language of cataloging | HN |
| 082 ## - DEWEY DECIMAL CLASSIFICATION NUMBER | |
| Classification number | क |
| Item number | शैख़अ |
| 100 ## - MAIN ENTRY--PERSONAL NAME | |
| Personal name | शैख़, अनवर |
| 9 (RLIN) | 2233 |
| 245 ## - TITLE STATEMENT | |
| Title | रूप नगर : |
| Statement of responsibility, etc | अनवर शैख़; संपादक साहिर शीवी |
| Remainder of title | अनवर शैख़ की 13 कहानियां तथा समीक्षाएं / |
| 246 ## - VARYING FORM OF TITLE | |
| Title proper/short title | Anwar shaikh ki 13 kahaniyan tatha samikshayen / |
| Remainder of title | by Anwar Shaikh; Sahir Shivi |
| 260 ## - PUBLICATION, DISTRIBUTION, ETC. (IMPRINT) | |
| Place of publication, distribution, etc | नेरोबी |
| Name of publisher, distributor, etc | कोकण उर्दू रायटर्स गिल्ड |
| Date of publication, distribution, etc | 2004 |
| 270 ## - ADDRESS | |
| Address | पोस्ट बॉक्स न० 26054 |
| City | नेरोबी |
| 300 ## - PHYSICAL DESCRIPTION | |
| Extent | 254पृ. |
| Dimensions | 21सेमी (सजिल्द) |
| 650 ## - SUBJECT ADDED ENTRY--TOPICAL TERM | |
| Topical term or geographic name as entry element | उर्दू साहित्य |
| 9 (RLIN) | 55779 |
| 650 ## - SUBJECT ADDED ENTRY--TOPICAL TERM | |
| Topical term or geographic name as entry element | कहानियां |
| 9 (RLIN) | 55780 |
| 650 ## - SUBJECT ADDED ENTRY--TOPICAL TERM | |
| Topical term or geographic name as entry element | Urdu literature |
| 9 (RLIN) | 55781 |
| 650 ## - SUBJECT ADDED ENTRY--TOPICAL TERM | |
| Topical term or geographic name as entry element | Stories |
| 9 (RLIN) | 7500 |
| 700 ## - ADDED ENTRY--PERSONAL NAME | |
| Personal name | शीवी, साहिर |
| 9 (RLIN) | 14217 |
| 942 ## - ADDED ENTRY ELEMENTS (KOHA) | |
| Source of classification or shelving scheme | Dewey Decimal Classification |
| Koha item type | Hindi Books |
| Classification part | क |
| Call number suffix | शैख़अ |
| Withdrawn status | Lost status | Damaged status | Not for loan | Home library | Current library | Date acquired | Source of acquisition | Cost, normal purchase price | Total Checkouts | Full call number | Barcode | Date last seen | Copy number | Cost, replacement price | Price effective from | Koha item type |
|---|---|---|---|---|---|---|---|---|---|---|---|---|---|---|---|---|
| Central Library | Central Library | 14/08/2015 | Cen Lib/Ret | 200.00 | क शैख़अ | B-151318 | 14/08/2015 | 1 | 200.00 | 14/08/2015 | Hindi Books |
